Rundfunkanstalten der ARD Karten-Quiz - Statistiken

Allgemein
  • Dieses Quiz wurde 317 mal gespielt
  • Das Durchschnittsergebnis liegt bei 9 aus 9
Antworten auf der Karte
Die Antworten werden auf der Karte rot bzw. grün angezeigt, abhängig davon wie oft sie richtig erraten wurden.
 
Antwortstatistiken
Antwort % Korrekt
Bayerischer Rundfunk (BR)
98%
Saarländischer Rundfunk (SR)
97%
Radio Bremen
96%
Rundfunk Berlin-Brandenburg (rbb)
96%
Südwestrundfunk (SWR)
95%
Hessischer Rundfunk (hr)
94%
Mitteldeutscher Rundfunk (MDR)
94%
Norddeutscher Rundfunk (NDR)
94%
Westdeutscher Rundfunk Köln (WDR)
91%
Keine übereinstimmenden Quizze gefunden
Verteilung der Resultate
Anzahl Personen mit jedem Resultat
Perzentil nach korrekt beantworteten Fragen
Ihre Resultats-Entwicklung
Sie haben dieses Quiz noch nicht gespielt